000 00364nam a2200145Ia 4500
008 251230s9999 xx 000 0 und d
020 _a0843929367
082 _a820
_bDUB/Q
100 _aDubay, Sandra
245 0 _aQuick Silver
250 _a1st Edition
260 _aNew York
_bLeisur Books
_c1990
300 _a440p.
942 _yMuit Old Books
_cMuit Old Books
999 _c50436
_d50436